| 000 | 00745nam a22002657a 4500 | ||
|---|---|---|---|
| 003 | CHAP | ||
| 005 | 20220329140429.0 | ||
| 008 | 971013s1971 r 00010 d | ||
| 010 | _a51859 | ||
| 011 | _a52831 | ||
| 035 | _a56981 | ||
| 040 | _cCHAP | ||
| 082 |
_a631.5 _bW3 |
||
| 100 | 0 | 0 |
_aWareing, Philip Frank. _9121066 |
| 245 |
_aPotential crop production _b: a case study |
||
| 260 |
_aLondon : _bHeinemann, _c1971 |
||
| 300 | _a387 p. | ||
| 590 |
_aBATCH-UPD _b10 _c20130110 _lUCH01 _h1955 |
||
| 590 |
_aCONVERSION _b10 _c20130109 _lUCH01 _h1328 |
||
| 650 | 1 | 4 |
_aCultivos _xRendimiento. _930318 |
| 700 | 0 |
_aCooper, J. P. _927754 |
|
| 901 | _aBK | ||
| 942 | _cLIBRO | ||
| 949 |
_a631.5 W3 _bBC _cLIBRO _d33724000081279 _eLIBRO _h17014 _i56981 _si |
||
| 999 |
_c51859 _d51859 |
||